| 000 | 00658nam a22001457a 4500 | ||
|---|---|---|---|
| 020 | _a978-1-4424-2237-7 | ||
| 082 |
_a823 _bDIX/H |
||
| 100 | _aDIXON, FRANKLIN W | ||
| 245 | _aHARDY BOYS ADVENTURES - MYSTERY OF THE PHANTOM HEIST | ||
| 260 |
_aNEW YORK _bALADDIN PAPERBACKS _c2013 |
||
| 300 | _a137 | ||
| 520 | _aRich girl Lindsay Peyton is throwing the biggest and best Sweet Sixteen bash that Bayport has ever seen. But her party planning is off to a bad start when Frank and Joe discover that someone has keyed her very expensive car—an early birthday present—and has put the mean prank up on YouView. | ||
| 650 |
_aMYSTERY _zUNITED STATES |
||
| 942 | _cBK | ||
| 999 |
_c7816 _d7816 |
||